[Event "GBR-ch110 Major Open"]
[Site "Hull"]
[Date "2024.07.31"]
[Round "5.22"]
[White "McCarthy, Damian M"]
[Black "Pick, Freddie"]
[Result "1-0"]
[WhiteElo "1880"]
[BlackElo "1955"]
[PlyCount "105"]
[EventDate "2024.07.27"]
[EventType "swiss"]
[EventRounds "9"]
[EventCountry "GBR"]
[SourceTitle "BritBase"]
[Source "John Saunders"]
[SourceDate "2025.02.20"]
[SourceVersion "1"]
[SourceVersionDate "2025.02.20"]
[SourceQuality "1"]

1. e4 c5 2. Nf3 Nc6 3. d4 cxd4 4. Nxd4 Nf6 5. Nc3 e5 6. Ndb5 d6 7. Bg5 a6 8. Na3 b5 9. Nd5 Be7 10. Bxf6 Bxf6 11. c4 b4 12. Nc2 a5 13. g3 O-O 14. Bg2 Rb8 15. b3 Bg5 16. O-O Be6 17. Qd3 Bxd5 18. Qxd5 Ne7 19. Qd3 Qb6 20. h4 Bh6 21. Bh3 Rfd8 22. Kg2 Ng6 23. Rfd1 Nf8 24. Qf3 Rb7 25. Rd3 Re7 26. Ne3 Bxe3 27. Qxe3 Qc6 28. Rd5 a4 29. Rad1 axb3 30. axb3 Ne6 31. Bxe6 fxe6 32. Rxe5 Rf8 33. Rb5 Ref7 34. f4 e5 35. Rf1 g6 36. Rd5 Qa6 37. Rd2 Rf6 38. Rdf2 Qc8 39. Qd2 Qg4 40. Qd5+ Kg7 41. fxe5 Rxf2+ 42. Rxf2 Rxf2+ 43. Kxf2 Qh3 44. Qb7+ Kh6 45. exd6 Qh2+ 46. Kf3 Qh1+ 47. Kf4 Qc1+ 48. Ke5 Qc3+ 49. Kd5 Qxb3 50. d7 Qd3+ 51. Kc5 b3 52. Qd5 Qe3+ 53. Kc6 1-0

[Event "GBR-ch110 Major Open"]
[Site "Hull"]
[Date "2024.07.31"]
[Round "5.23"]
[White "Davis, Cameron"]
[Black "Vaddhireddy, Sai"]
[Result "0-1"]
[WhiteElo "1946"]
[BlackElo "1724"]
[PlyCount "140"]
[EventDate "2024.07.27"]
[EventType "swiss"]
[EventRounds "9"]
[EventCountry "GBR"]
[SourceTitle "BritBase"]
[Source "John Saunders"]
[SourceDate "2025.02.20"]
[SourceVersion "1"]
[SourceVersionDate "2025.02.20"]
[SourceQuality "1"]

1. d4 d5 2. Bf4 c5 3. Nc3 Nf6 4. e3 Bf5 5. dxc5 e6 6. b4 a6 7. Nf3 b6 8. Na4 bxc5 9. Nxc5 Bxc5 10. bxc5 Qa5+ 11. Qd2 Qxc5 12. Bd3 Ne4 13. Bxe4 Bxe4 14. O-O O-O 15. c3 Nd7 16. Qd4 Rac8 17. Rfc1 Rfd8 18. Nd2 Bg6 19. c4 Qa3 20. Qc3 Qxc3 21. Rxc3 Rc6 22. Rac1 Rdc8 23. h3 f6 24. Nb3 Rxc4 25. Rxc4 Rxc4 26. Rxc4 dxc4 27. Nc1 e5 28. Bg3 Nc5 29. f3 Bd3 30. Be1 e4 31. Kf2 Kf7 32. Bb4 Nd7 33. fxe4 Bxe4 34. Ne2 Ne5 35. Nc1 Ke6 36. g3 Kd5 37. h4 Bd3 38. Bc3 Ke4 39. Bd4 Ng4+ 40. Ke1 Nxe3 41. Ba7 Nf5 42. Kf2 h5 43. Bb6 Nh6 44. Bc5 Ng4+ 45. Kg2 a5 46. a3 Ne3+ 47. Kf2 Nd5 48. Ke1 g5 49. Kd2 gxh4 50. gxh4 f5 51. Na2 f4 52. Nc3+ Nxc3 53. Kxc3 Kd5 54. Bf2 Be2 55. Kd2 Bg4 56. Bb6 a4 57. Kc3 Bd1 58. Ba7 Bb3 59. Kd2 Ke4 60. Bc5 f3 61. Bf2 Kf4 62. Be1 Ba2 63. Bf2 Kg4 64. Ke3 Bb1 65. Be1 Bd3 66. Bf2 Be2 67. Be1 Kh3 68. Bf2 Kg2 69. Be1 c3 70. Bf2 c2 0-1

[Event "GBR-ch110 Major Open"]
[Site "Hull"]
[Date "2024.07.31"]
[Round "5.24"]
[White "McBeath, Joel"]
[Black "Lishoy Gengis Paratazham, Dildarav"]
[Result "0-1"]
[WhiteElo "1806"]
[BlackElo "1966"]
[PlyCount "122"]
[EventDate "2024.07.27"]
[EventType "swiss"]
[EventRounds "9"]
[EventCountry "GBR"]
[SourceTitle "BritBase"]
[Source "John Saunders"]
[SourceDate "2025.02.20"]
[SourceVersion "1"]
[SourceVersionDate "2025.02.20"]
[SourceQuality "1"]

1. e4 d6 2. d4 Nf6 3. Nc3 e5 4. Nf3 Nbd7 5. Bc4 Be7 6. a4 c6 7. O-O O-O 8. Re1 Qc7 9. Ba2 h6 10. h3 Re8 11. Be3 Nf8 12. d5 Bd7 13. b4 Rec8 14. Qd2 cxd5 15. Nxd5 Nxd5 16. Bxd5 Be6 17. c4 a6 18. Rec1 Qd7 19. a5 Nh7 20. Bxe6 Qxe6 21. Qd3 Nf6 22. Nh4 Bf8 23. Nf5 Rc7 24. Bb6 Rcc8 25. Ne3 g6 26. b5 h5 27. Nd5 Nxd5 28. cxd5 Qd7 29. bxa6 bxa6 30. Rxc8 Qxc8 31. Ra2 Qc1+ 32. Kh2 Bh6 33. Rc2 Qe1 34. Rc6 Qb4 35. Rc7 Bg5 36. Qf3 Rf8 37. Ra7 Qc4 38. Rd7 Qb4 39. Qe2 h4 40. Ra7 Qa3 41. Rxa6 Bf4+ 42. g3 hxg3+ 43. Kg2 gxf2 44. Bxf2 Kg7 45. Qf3 Qa2 46. Qd3 g5 47. Qf3 Rh8 48. Ra7 Rb8 49. Qh5 Rf8 50. Rd7 Qxa5 51. h4 Qa4 52. Rxd6 Qxe4+ 53. Qf3 Qxf3+ 54. Kxf3 e4+ 55. Kxe4 Bxd6 56. hxg5 Kg6 57. Be3 Re8+ 58. Kd4 Bc5+ 59. Kxc5 Rxe3 60. d6 Rd3 61. Kc6 Kxg5 0-1

[Event "GBR-ch110 Major Open"]
[Site "Hull"]
[Date "2024.07.31"]
[Round "5.25"]
[White "Britton, Richard"]
[Black "Ashworth, Robert M"]
[Result "1/2-1/2"]
[WhiteElo "2112"]
[BlackElo "1845"]
[PlyCount "53"]
[EventDate "2024.07.27"]
[EventType "swiss"]
[EventRounds "9"]
[EventCountry "GBR"]
[SourceTitle "BritBase"]
[Source "John Saunders"]
[SourceDate "2025.02.20"]
[SourceVersion "1"]
[SourceVersionDate "2025.02.20"]
[SourceQuality "1"]

1. e4 e5 2. Nf3 Nc6 3. Bb5 a6 4. Ba4 Nf6 5. O-O b5 6. Bb3 Be7 7. Re1 O-O 8. c3 d6 9. h3 Na5 10. Bc2 c5 11. d4 Nd7 12. d5 Nb6 13. Nbd2 f5 14. exf5 Bxf5 15. Bxf5 Rxf5 16. b4 cxb4 17. cxb4 Nac4 18. Nxc4 Nxc4 19. Nd2 Nxd2 20. Bxd2 Bh4 21. Be3 Qf6 22. Rf1 Bg5 23. g4 Rf4 24. Bxf4 Qxf4 25. a4 e4 26. Qe2 Bf6 27. Qe3 1/2-1/2

[Event "GBR-ch110 Major Open"]
[Site "Hull"]
[Date "2024.07.31"]
[Round "5.26"]
[White "Kirupakaran, Vishnu"]
[Black "Zhao, George"]
[Result "1/2-1/2"]
[WhiteElo "1852"]
[BlackElo "2034"]
[PlyCount "110"]
[EventDate "2024.07.27"]
[EventType "swiss"]
[EventRounds "9"]
[EventCountry "GBR"]
[SourceTitle "BritBase"]
[Source "John Saunders"]
[SourceDate "2025.02.20"]
[SourceVersion "1"]
[SourceVersionDate "2025.02.20"]
[SourceQuality "1"]

1. e4 e6 2. b3 d5 3. Bb2 c5 4. exd5 exd5 5. Nf3 Nc6 6. Bb5 Qe7+ 7. Be2 Nf6 8. O-O Qd6 9. d4 Be7 10. dxc5 Qxc5 11. Ba3 Qa5 12. Bxe7 Nxe7 13. Nd4 O-O 14. Nd2 Nc6 15. N2f3 Bg4 16. a3 Rfe8 17. Qd3 Re4 18. b4 Qb6 19. Nb3 Rae8 20. Bd1 Ne5 21. Nxe5 R4xe5 22. Nd4 Re4 23. c3 g6 24. h3 Bxd1 25. Raxd1 a6 26. Nc2 Qc6 27. Ne3 Rc8 28. Nxd5 Qxd5 29. Qxd5 Nxd5 30. Rxd5 Rxc3 31. Rd7 Rxa3 32. Rxb7 Rb3 33. Ra1 Rbxb4 34. Rxb4 Rxb4 35. Rxa6 Kg7 36. g3 h5 37. h4 Rb7 38. Kg2 Re7 39. Kf3 Rb7 40. Kg2 Kf8 41. Kf3 Ke7 42. Kf4 Rb2 43. Kf3 Rb5 44. Rc6 Rf5+ 45. Ke3 Re5+ 46. Kf3 Ra5 47. Rb6 Ra3+ 48. Kg2 Rd3 49. Ra6 Rd6 50. Ra5 Ke6 51. Kf3 Rd3+ 52. Kf4 Kf6 53. Ra6+ Kg7 54. Ra7 Rb3 55. Rc7 Rb4+ 1/2-1/2

[Event "GBR-ch110 Major Open"]
[Site "Hull"]
[Date "2024.07.31"]
[Round "5.27"]
[White "Kovalskyi, Roman"]
[Black "Rubeck, Jonathan"]
[Result "1-0"]
[WhiteElo "1989"]
[BlackElo "1833"]
[PlyCount "83"]
[EventDate "2024.07.27"]
[EventType "swiss"]
[EventRounds "9"]
[EventCountry "GBR"]
[SourceTitle "BritBase"]
[Source "John Saunders"]
[SourceDate "2025.02.20"]
[SourceVersion "1"]
[SourceVersionDate "2025.02.20"]
[SourceQuality "1"]

1. e4 e6 2. d4 d5 3. e5 c5 4. c3 Qb6 5. Nf3 Bd7 6. Be2 cxd4 7. cxd4 Bb5 8. Nc3 Bxe2 9. Nxe2 Ne7 10. Bd2 Nf5 11. Bc3 Be7 12. Qd2 Nc6 13. Rb1 a5 14. Nf4 h6 15. h4 Bb4 16. Rd1 a4 17. g4 Nfe7 18. Nh5 Rg8 19. O-O a3 20. bxa3 Rxa3 21. Bxb4 Qxb4 22. Qe2 Qc4 23. Qxc4 dxc4 24. Nd2 b5 25. Ne4 Nc8 26. f4 c3 27. d5 exd5 28. Rxd5 b4 29. f5 Ke7 30. Nxg7 Ra5 31. f6+ Kf8 32. Rxa5 Nxa5 33. g5 hxg5 34. Nxg5 Rxg7 35. fxg7+ Kxg7 36. Rxf7+ Kg6 37. Rc7 Nb6 38. e6 Nd5 39. Rc5 Kf6 40. Rxd5 b3 41. axb3 Nxb3 42. Ne4+ 1-0

[Event "GBR-ch110 Major Open"]
[Site "Hull"]
[Date "2024.07.31"]
[Round "5.28"]
[White "Zhu, Pengxiao"]
[Black "May, Paul"]
[Result "0-1"]
[WhiteElo "1969"]
[BlackElo "1827"]
[PlyCount "118"]
[EventDate "2024.07.27"]
[EventType "swiss"]
[EventRounds "9"]
[EventCountry "GBR"]
[SourceTitle "BritBase"]
[Source "John Saunders"]
[SourceDate "2025.02.20"]
[SourceVersion "1"]
[SourceVersionDate "2025.02.20"]
[SourceQuality "1"]

1. d4 g6 2. c4 Bg7 3. Nc3 c5 4. d5 Bxc3+ 5. bxc3 f5 6. e4 fxe4 7. h4 Nf6 8. h5 Rg8 9. hxg6 hxg6 10. Ne2 d6 11. Ng3 Qa5 12. Bd2 e5 13. Qe2 Bf5 14. Qe3 Nbd7 15. Qg5 O-O-O 16. Nxf5 gxf5 17. Qxf5 Rdf8 18. Qe6 Kc7 19. Rh6 Re8 20. Qh3 Qa3 21. Be2 Qb2 22. Rc1 e3 23. Bxe3 Ne4 24. Rh7 Nef6 25. Rh6 Ne4 26. Rh7 Nef6 27. Rf7 Rh8 28. Qf5 Rh1+ 29. Bf1 Qxa2 30. Bg5 Qxc4 31. Kd2 Rxf1 32. Bxf6 Qxd5+ 33. Kc2 Qa2+ 34. Kd3 Qxf7 35. Bd8+ Kxd8 36. Qxf7 Rxc1 37. Qg6 Rd1+ 38. Kc2 Rd5 39. Qe4 Nf6 40. Qf3 Ke7 41. c4 e4 42. Qb3 Rd4 43. Qxb7+ Ke6 44. Kc3 Re7 45. Qc8+ Rd7 46. Qh8 Rd3+ 47. Kc2 Ra3 48. Qh4 Rg7 49. f3 Rxg2+ 50. Kb1 Rxf3 51. Qh1 Rff2 52. Kc1 Ke7 53. Qe1 a5 54. Kb1 a4 55. Ka1 Kd7 56. Qd1 a3 57. Qa4+ Ke7 58. Qd1 Ra2+ 59. Kb1 Rgb2+ 0-1

[Event "GBR-ch110 Major Open"]
[Site "Hull"]
[Date "2024.07.31"]
[Round "5.29"]
[White "Usifoh, Kristian C"]
[Black "Mize, Dylan"]
[Result "1-0"]
[WhiteElo "1963"]
[BlackElo "1824"]
[PlyCount "63"]
[EventDate "2024.07.27"]
[EventType "swiss"]
[EventRounds "9"]
[EventCountry "GBR"]
[SourceTitle "BritBase"]
[Source "John Saunders"]
[SourceDate "2025.02.20"]
[SourceVersion "1"]
[SourceVersionDate "2025.02.20"]
[SourceQuality "1"]

1. d4 Nf6 2. Bf4 d5 3. e3 e6 4. Bd3 Bd6 5. Ne2 c5 6. Bxd6 Qxd6 7. c4 dxc4 8. Bxc4 a6 9. O-O b5 10. Bd3 c4 11. Bc2 Bb7 12. Ng3 h5 13. f3 h4 14. Ne4 Nxe4 15. fxe4 Nc6 16. e5 Qb4 17. Nc3 Ne7 18. Be4 Bxe4 19. Nxe4 Nf5 20. Rxf5 exf5 21. Nd6+ Kf8 22. Qf3 Ra7 23. Qxf5 g6 24. Qf6 Rh7 25. Qd8+ Kg7 26. Ne8+ Kf8 27. Nf6+ Kg7 28. Qg8+ Kh6 29. Qxh7+ Kg5 30. Rf1 Qe1 31. Ne4+ Kg4 32. h3# 1-0

[Event "GBR-ch110 Major Open"]
[Site "Hull"]
[Date "2024.07.31"]
[Round "5.30"]
[White "Waterfield, Mark B"]
[Black "Patel, Zain"]
[Result "0-1"]
[WhiteElo "1815"]
[BlackElo "1958"]
[PlyCount "146"]
[EventDate "2024.07.27"]
[EventType "swiss"]
[EventRounds "9"]
[EventCountry "GBR"]
[SourceTitle "BritBase"]
[Source "John Saunders"]
[SourceDate "2025.02.20"]
[SourceVersion "1"]
[SourceVersionDate "2025.02.20"]
[SourceQuality "1"]

1. e4 e5 2. Nf3 Nc6 3. d4 exd4 4. Bc4 Nf6 5. e5 d5 6. Bb5 Nd7 7. Bxc6 bxc6 8. Qxd4 Nc5 9. O-O Ne6 10. Qd3 a5 11. Qc3 c5 12. Nbd2 Ba6 13. Re1 c6 14. b3 d4 15. Qb2 c4 16. c3 Nf4 17. Re4 Nd3 18. Qc2 Nxc1 19. Qxc1 dxc3 20. Nxc4 Bb4 21. a3 Bc5 22. Qxc3 O-O 23. Nxa5 Bd3 24. Ra4 Bb5 25. Nb7 Bxf2+ 26. Kxf2 Qb6+ 27. Qc5 Qxb7 28. Rxa8 Rxa8 29. Nd4 Rd8 30. a4 Rd5 31. Qc3 Qb6 32. Rd1 c5 33. axb5 cxd4 34. Qc8+ Rd8 35. Qc6 Qb8 36. Qc5 d3 37. Rd2 h6 38. b6 Qb7 39. Qe3 Qd5 40. b4 Qb5 41. Qc5 Qd7 42. Qe3 Qb5 43. Qc5 Qd7 44. Qe3 Qb5 45. h3 Qxb4 46. Kg3 Qb5 47. e6 fxe6 48. Qxe6+ Kh8 49. Qe3 Rd6 50. Kh2 Qd7 51. Qg3 Rxb6 52. Rxd3 Qc8 53. Rc3 Qb8 54. Rc7 Rg6 55. Qxg6 Qxc7+ 56. Qg3 Qb6 57. Qe5 Qb1 58. Qe8+ Kh7 59. Qe3 Qf5 60. Qg3 h5 61. h4 Qd5 62. Qg5 Qxg5 63. hxg5 Kg6 64. Kh3 Kxg5 65. Kg3 h4+ 66. Kh3 Kh5 67. Kh2 Kg4 68. Kh1 Kg3 69. Kg1 g5 70. Kh1 g4 71. Kg1 h3 72. Kh1 hxg2+ 73. Kg1 Kh3 0-1

[Event "GBR-ch110 Major Open"]
[Site "Hull"]
[Date "2024.07.31"]
[Round "5.31"]
[White "Lebedev, Lion"]
[Black "Kumar, Arnav"]
[Result "1/2-1/2"]
[WhiteElo "1941"]
[BlackElo "1803"]
[PlyCount "120"]
[EventDate "2024.07.27"]
[EventType "swiss"]
[EventRounds "9"]
[EventCountry "GBR"]
[SourceTitle "BritBase"]
[Source "John Saunders"]
[SourceDate "2025.02.20"]
[SourceVersion "1"]
[SourceVersionDate "2025.02.20"]
[SourceQuality "1"]

1. e4 c6 2. Nf3 d5 3. d3 dxe4 4. dxe4 Qxd1+ 5. Kxd1 Bg4 6. Nbd2 Nd7 7. Be2 O-O-O 8. Ne1 Bxe2+ 9. Kxe2 e5 10. Nd3 f6 11. Nb3 c5 12. Nd2 Ne7 13. a4 Nc6 14. c3 Be7 15. Nc4 Nb6 16. Nxb6+ axb6 17. Ne1 Na5 18. Nc2 Nb3 19. Ra2 Rd7 20. Ne3 Kc7 21. Rd1 Ra8 22. Nd5+ Kc6 23. Be3 Bd8 24. Kd3 c4+ 25. Kxc4 Nc5 26. Bxc5 bxc5 27. b4 Rxa4 28. Rxa4 b5+ 29. Kb3 c4+ 30. Ka3 bxa4 31. Ne3 Rxd1 32. Nxd1 Kb5 33. g4 Bb6 34. h4 g6 35. h5 Ba7 36. Ne3 Bd4 37. hxg6 hxg6 38. Nd5 Bxf2 39. Nxf6 Be1 40. Nd5 Bd2 41. Nc7+ Kc6 42. Nd5 Kb5 43. Kb2 Be1 44. Ne7 g5 45. Nf5 Kc6 46. Nh6 a3+ 47. Kxa3 Bxc3 48. Nf7 Bd2 49. Nxe5+ Kb5 50. Nf3 Bxb4+ 51. Kb2 Be7 52. Kc3 Kc5 53. e5 Kd5 54. Nd2 Kxe5 55. Kxc4 Kf4 56. Kb5 Bf6 57. Kc4 Ke3 58. Nb3 Bb2 59. Nc5 Kf4 60. Ne6+ Kxg4 1/2-1/2

[Event "GBR-ch110 Major Open"]
[Site "Hull"]
[Date "2024.07.31"]
[Round "5.32"]
[White "Twisk, Sebastian"]
[Black "Varley, Joe"]
[Result "1/2-1/2"]
[WhiteElo "1802"]
[BlackElo "1935"]
[PlyCount "53"]
[EventDate "2024.07.27"]
[EventType "swiss"]
[EventRounds "9"]
[EventCountry "GBR"]
[SourceTitle "BritBase"]
[Source "John Saunders"]
[SourceDate "2025.02.20"]
[SourceVersion "1"]
[SourceVersionDate "2025.02.20"]
[SourceQuality "1"]

1. e4 c5 2. c3 b6 3. d4 Bb7 4. Bd3 Nf6 5. Qe2 cxd4 6. cxd4 Nc6 7. Nf3 Nb4 8. Nc3 Nxd3+ 9. Qxd3 e6 10. Bg5 h6 11. Bh4 Be7 12. O-O O-O 13. Rac1 Nh7 14. Bxe7 Qxe7 15. Nd2 Rac8 16. f3 Qb4 17. Rc2 Qa5 18. Qe3 b5 19. Nb3 Qb6 20. Nc5 Bc6 21. e5 d6 22. exd6 Nf6 23. N3e4 Bxe4 24. fxe4 Qxd6 25. e5 Nd5 26. Qd2 Qe7 27. Rf3 1/2-1/2

[Event "GBR-ch110 Major Open"]
[Site "Hull"]
[Date "2024.07.31"]
[Round "5.33"]
[White "Borissow, Magnus"]
[Black "Whittington, Reece W"]
[Result "1-0"]
[WhiteElo "1906"]
[BlackElo "1793"]
[PlyCount "116"]
[EventDate "2024.07.27"]
[EventType "swiss"]
[EventRounds "9"]
[EventCountry "GBR"]
[SourceTitle "BritBase"]
[Source "John Saunders"]
[SourceDate "2025.02.20"]
[SourceVersion "1"]
[SourceVersionDate "2025.02.20"]
[SourceQuality "1"]

1. e4 e6 2. d3 d5 3. Nd2 c5 4. Ngf3 Nc6 5. g3 Bd6 6. Bg2 Nge7 7. O-O Qc7 8. Re1 O-O 9. Qe2 dxe4 10. dxe4 e5 11. c3 h6 12. Nc4 Be6 13. Rd1 Rad8 14. Be3 b6 15. Rd2 Ng6 16. h4 Bg4 17. Qf1 Rfe8 18. Nh2 Bc8 19. Nxd6 Rxd6 20. Rxd6 Qxd6 21. Rd1 Qc7 22. Bf3 Nf8 23. Be2 Ne6 24. Bc4 Rd8 25. Bc1 Rxd1 26. Qxd1 Qd7 27. Qe2 Nc7 28. Nf1 Na5 29. Bd3 Bb7 30. Ne3 Qe6 31. Nf5 Ne8 32. b4 cxb4 33. cxb4 Nc6 34. Bc4 Qf6 35. Qd3 Qd8 36. Qb3 Qf6 37. Qd1 Nd4 38. Nxd4 exd4 39. f3 Nd6 40. Be2 b5 41. Bb2 Qe5 42. Kh2 Nc4 43. Bxd4 Qd6 44. Bc5 Qxd1 45. Bxd1 f6 46. Bxa7 Kf7 47. a4 bxa4 48. Bxa4 Nd2 49. Kg2 Ke6 50. Be3 Nc4 51. Kf2 Ne5 52. Bb5 f5 53. exf5+ Kxf5 54. g4+ Ke6 55. Be2 Kd5 56. f4 Nc6 57. b5 Nd8 58. Bb6 Bc8 1-0

[Event "GBR-ch110 Major Open"]
[Site "Hull"]
[Date "2024.07.31"]
[Round "5.34"]
[White "Li, Xiaofan"]
[Black "Brencher, Paul"]
[Result "1/2-1/2"]
[WhiteElo "1798"]
[BlackElo "1899"]
[PlyCount "33"]
[EventDate "2024.07.27"]
[EventType "swiss"]
[EventRounds "9"]
[EventCountry "GBR"]
[SourceTitle "BritBase"]
[Source "John Saunders"]
[SourceDate "2025.02.20"]
[SourceVersion "1"]
[SourceVersionDate "2025.02.20"]
[SourceQuality "1"]

1. e4 e6 2. f4 d5 3. e5 c5 4. Nf3 Nc6 5. c3 Bd7 6. Na3 Nge7 7. Nc2 Ng6 8. d4 Qb6 9. Be2 Rc8 10. O-O Be7 11. Rb1 O-O 12. Be3 cxd4 13. Nfxd4 Nxd4 14. Bxd4 Bc5 15. Bd3 Bb5 16. Bxb5 Qxb5 17. Kh1 1/2-1/2

[Event "GBR-ch110 Major Open"]
[Site "Hull"]
[Date "2024.07.31"]
[Round "5.35"]
[White "Metcalfe, Charlie P"]
[Black "Mittal, Aditya"]
[Result "1-0"]
[WhiteElo "1898"]
[BlackElo "1768"]
[PlyCount "141"]
[EventDate "2024.07.27"]
[EventType "swiss"]
[EventRounds "9"]
[EventCountry "GBR"]
[SourceTitle "BritBase"]
[Source "John Saunders"]
[SourceDate "2025.02.20"]
[SourceVersion "1"]
[SourceVersionDate "2025.02.20"]
[SourceQuality "1"]

1. d4 Nf6 2. c4 e6 3. Nf3 d5 4. Nc3 c5 5. e3 cxd4 6. exd4 Nc6 7. Bg5 Be7 8. Be2 dxc4 9. Bxc4 O-O 10. O-O h6 11. Bf4 Nd5 12. Bxd5 exd5 13. Qb3 Bd6 14. Bxd6 Qxd6 15. Qxd5 Qxd5 16. Nxd5 Bg4 17. Ne5 Nxe5 18. dxe5 Rad8 19. Nc3 Rd2 20. f3 Be6 21. Rf2 Rfd8 22. Raf1 Kf8 23. f4 Bc4 24. Rxd2 Rxd2 25. Rf2 Rxf2 26. Kxf2 Ke7 27. Ke3 Ke6 28. Kd4 Bf1 29. g3 b6 30. Ne4 g6 31. Nd6 h5 32. Nc8 Kf5 33. Ke3 Kg4 34. Nd6 Kh3 35. Kf2 Bd3 36. Nxf7 Kxh2 37. Ng5 Bb5 38. e6 a5 39. e7 a4 40. Ne4 h4 41. gxh4 Kh3 42. Nd6 Bc6 43. e8=Q Bxe8 44. Nxe8 Kxh4 45. Kf3 b5 46. Nd6 b4 47. Nc4 g5 48. fxg5 Kxg5 49. Ke4 Kf6 50. Kd5 a3 51. b3 Ke7 52. Kc5 Kd7 53. Kxb4 Kc6 54. Kxa3 Kb5 55. Kb2 Kb4 56. a3+ Kb5 57. Kc3 Ka6 58. Kb4 Kb7 59. Kb5 Ka7 60. Na5 Ka8 61. Kb6 Kb8 62. Nc4 Ka8 63. Ka6 Kb8 64. b4 Ka8 65. b5 Kb8 66. Nb6 Kc7 67. Ka7 Kd8 68. Nd5 Kc8 69. b6 Kd7 70. b7 Ke6 71. b8=Q 1-0

[Event "GBR-ch110 Major Open"]
[Site "Hull"]
[Date "2024.07.31"]
[Round "5.36"]
[White "Watkinson, Colin"]
[Black "Welling, Zac"]
[Result "0-1"]
[WhiteElo "1791"]
[BlackElo "1887"]
[PlyCount "53"]
[EventDate "2024.07.27"]
[EventType "swiss"]
[EventRounds "9"]
[EventCountry "GBR"]
[SourceTitle "BritBase"]
[Source "John Saunders"]
[SourceDate "2025.02.20"]
[SourceVersion "1"]
[SourceVersionDate "2025.02.20"]
[SourceQuality "1"]

1. e4 c5 2. Nf3 d6 3. d4 cxd4 4. Nxd4 Nf6 5. Nc3 a6 6. Bg5 Nbd7 7. Bc4 Qb6 8. Nb3 e6 9. O-O Be7 10. Qe2 O-O 11. Rad1 Qc7 12. a4 Ne5 13. Bd3 Bd7 14. a5 Rac8 15. Be3 Nc4 16. Bxc4 Qxc4 17. Qxc4 Rxc4 18. Rd4 Rc7 19. Rd2 Rxc3 20. bxc3 Nxe4 21. c4 Nxd2 22. Nxd2 Bc6 23. Rb1 Rc8 24. Nb3 Be4 25. Nd4 Rxc4 26. Rxb7 Bxb7 27. Nb3 0-1

[Event "GBR-ch110 Major Open"]
[Site "Hull"]
[Date "2024.07.31"]
[Round "5.37"]
[White "Garnett, John S"]
[Black "Walia, Michael Kanishk"]
[Result "1-0"]
[WhiteElo "1879"]
[BlackElo "1682"]
[PlyCount "65"]
[EventDate "2024.07.27"]
[EventType "swiss"]
[EventRounds "9"]
[EventCountry "GBR"]
[SourceTitle "BritBase"]
[Source "John Saunders"]
[SourceDate "2025.02.20"]
[SourceVersion "1"]
[SourceVersionDate "2025.02.20"]
[SourceQuality "1"]

1. c4 e5 2. g3 Nf6 3. Bg2 c6 4. d4 e4 5. Nc3 d5 6. Bg5 Bb4 7. Qb3 a5 8. a3 Bxc3+ 9. Qxc3 O-O 10. e3 Be6 11. cxd5 cxd5 12. Ne2 Nc6 13. O-O h6 14. Bxf6 Qxf6 15. Rfc1 Rfc8 16. Qd2 g5 17. Nc3 a4 18. Qd1 Na5 19. Nxa4 Rxc1 20. Rxc1 Nc4 21. Qc2 h5 22. Nc3 Kg7 23. a4 h4 24. b3 Nd6 25. Qe2 Qh6 26. f3 hxg3 27. hxg3 Rh8 28. Kf2 exf3 29. Qxf3 Qg6 30. Nxd5 g4 31. Qf4 Rh2 32. Qe5+ Kg8 33. Ne7+ 1-0

[Event "GBR-ch110 Major Open"]
[Site "Hull"]
[Date "2024.07.31"]
[Round "5.38"]
[White "Bates, Hubert"]
[Black "Sheikh, Anum"]
[Result "0-1"]
[WhiteElo "1750"]
[BlackElo "1862"]
[PlyCount "100"]
[EventDate "2024.07.27"]
[EventType "swiss"]
[EventRounds "9"]
[EventCountry "GBR"]
[SourceTitle "BritBase"]
[Source "John Saunders"]
[SourceDate "2025.02.20"]
[SourceVersion "1"]
[SourceVersionDate "2025.02.20"]
[SourceQuality "1"]

1. e4 c5 2. Nf3 e6 3. d4 cxd4 4. Nxd4 Bc5 5. Be3 Qb6 6. Nc3 Nc6 7. Na4 Qa5+ 8. Nc3 Bb4 9. Ndb5 Nf6 10. a3 Bxc3+ 11. bxc3 O-O 12. Bc5 Rd8 13. Bb4 Qb6 14. Bd3 Nxb4 15. axb4 Nxe4 16. O-O d5 17. Qh5 Nf6 18. Qg5 Bd7 19. Nd4 Rac8 20. Qe5 a6 21. Kh1 Qc7 22. Qe3 Re8 23. f4 e5 24. fxe5 Qxe5 25. Qd2 Ng4 26. g3 Nf6 27. Rae1 Qd6 28. Nf5 Bxf5 29. Bxf5 Rxe1 30. Rxe1 Rd8 31. Qd4 Qc7 32. Bd3 h6 33. Rf1 Qe7 34. Qh4 Rc8 35. Rxf6 Qxf6 36. Qg4 Rd8 37. Kg2 Qxc3 38. Qf5 g6 39. Qf4 Kg7 40. Qh4 Qf6 41. Qg4 h5 42. Qe2 Rc8 43. Qe3 Rc6 44. b5 axb5 45. Qe2 b4 46. h3 Re6 47. Qd2 Qd4 48. g4 hxg4 49. hxg4 Qxg4+ 50. Kf2 Rf6+ 0-1

[Event "GBR-ch110 Major Open"]
[Site "Hull"]
[Date "2024.07.31"]
[Round "5.39"]
[White "McLean, Rory R"]
[Black "Chris Biju, Calvin"]
[Result "0-1"]
[WhiteElo "1768"]
[BlackElo "2008"]
[PlyCount "40"]
[EventDate "2024.07.27"]
[EventType "swiss"]
[EventRounds "9"]
[EventCountry "GBR"]
[SourceTitle "BritBase"]
[Source "John Saunders"]
[SourceDate "2025.02.20"]
[SourceVersion "1"]
[SourceVersionDate "2025.02.20"]
[SourceQuality "1"]

1. d4 e6 2. c4 f5 3. g3 Nf6 4. Bg2 Be7 5. Nd2 O-O 6. Qc2 d6 7. Ngf3 Qe8 8. O-O Nbd7 9. a3 Qh5 10. b4 e5 11. e4 f4 12. Bb2 fxg3 13. fxg3 Ng4 14. Qd3 Bg5 15. Rae1 Qh6 16. h3 Be3+ 17. Rxe3 Qxe3+ 18. Qxe3 Nxe3 19. Rf2 Nd1 20. Rf1 Nxb2 0-1

[Event "GBR-ch110 Major Open"]
[Site "Hull"]
[Date "2024.07.31"]
[Round "5.40"]
[White "Bedi, Adam"]
[Black "Sinclair, Colin"]
[Result "1-0"]
[WhiteElo "1903"]
[BlackElo "1783"]
[PlyCount "77"]
[EventDate "2024.07.27"]
[EventType "swiss"]
[EventRounds "9"]
[EventCountry "GBR"]
[SourceTitle "BritBase"]
[Source "John Saunders"]
[SourceDate "2025.02.20"]
[SourceVersion "1"]
[SourceVersionDate "2025.02.20"]
[SourceQuality "1"]

1. d4 g6 2. c4 Bg7 3. Nc3 c5 4. d5 Bxc3+ 5. bxc3 f5 6. Nf3 Nf6 7. Qc2 Qa5 8. e3 Ne4 9. Bd3 d6 10. h4 h6 11. Ng1 O-O 12. Ne2 e5 13. dxe6 Bxe6 14. Bxe4 fxe4 15. Qxe4 Bf5 16. Qxb7 Nd7 17. Qd5+ Kh7 18. O-O Rae8 19. Ng3 Nf6 20. Qb7+ Bd7 21. Qb2 Ne4 22. Nxe4 Rxe4 23. Qb7 Re7 24. Bd2 Rff7 25. Qb1 Bf5 26. Qc1 Bd3 27. Re1 Re4 28. f3 Rxh4 29. e4 Qd8 30. Kf2 Rh2 31. Bf4 Rh5 32. Qd2 Bxc4 33. Rh1 Rxh1 34. Rxh1 h5 35. g4 Qf6 36. Kg3 Kg8 37. Qxd6 g5 38. Qxf6 Rxf6 39. Bxg5 1-0